LEADER 00892nam a22002651i 4500 001 991001660489707536 005 20031201124744.0 008 040407s1979 it a||||||||||||||||ita 035 $ab12804290-39ule_inst 035 $aARCHE-078392$9ExL 040 $aDip.to Scienze Storiche$bita$cA.t.i. Arché s.c.r.l. Pandora Sicilia s.r.l. 082 04$a551.5 100 1 $aNangeroni, Giuseppe$034020 245 13$aIl clima /$cGiuseppe Nangeroni 250 $a5. rist. 260 $aTorino :$bLoescher,$c1979 300 $a65 p. :$bill. ;$c24 cm 440 3$aLa ricerca ;$v24 650 4$aClima 907 $a.b12804290$b02-04-14$c16-04-04 912 $a991001660489707536 945 $aLE009 GEOG.10.5-113$g1$i2009000176911$lle009$o-$pE0.00$q-$rl$s- $t0$u1$v0$w1$x0$y.i13351771$z16-04-04 996 $aClima$9294311 997 $aUNISALENTO 998 $ale009$b16-04-04$cm$da $e-$fita$git $h3$i1 LEADER 01350oam 2200433zu 450 001 9910164711703321 005 20210807002158.0 010 $a0-8031-4908-5 035 $a(CKB)3170000000045241 035 $a(SSID)ssj0001489674 035 $a(PQKBManifestationID)11809356 035 $a(PQKBTitleCode)TC0001489674 035 $a(PQKBWorkID)11453850 035 $a(PQKB)10257077 035 $a(NjHacI)993170000000045241 035 $a(EXLCZ)993170000000045241 100 $a20160829d1984 uy 101 0 $aeng 135 $aur||||||||||| 181 $ctxt 182 $cc 183 $acr 200 10$aDamage Tolerance of Metallic Structures: Analysis Methods and Applications 210 31$a[Place of publication not identified]$cAmerican Society for Testing & Materials$d1984 215 $a1 online resource (148 pages) 300 $aBibliographic Level Mode of Issuance: Monograph 311 $a0-8031-0407-3 517 $aDamage Tolerance of Metallic Structures 606 $aFatigue 606 $aMental fatigue 615 0$aFatigue. 615 0$aMental fatigue. 676 $a612.744 700 $aChang$b J. B$0881240 801 0$bPQKB 906 $aBOOK 912 $a9910164711703321 996 $aDamage Tolerance of Metallic Structures: Analysis Methods and Applications$91968172 997 $aUNINA